书目信息 |
| 题名: |
经贸英语
|
|
| 作者: | 廖国强 主编 | |
| 分册: | ||
| 出版信息: | 北京 高等教育出版社 2005.1 |
|
| 页数: | 256页 | |
| 开本: | 23cm | |
| 丛书名: | 行业英语系列教材 | |
| 单 册: | ||
| 中图分类: | H31 | |
| 科图分类: | ||
| 主题词: | 经济--jing ji--英语--教材 | |
| 电子资源: | ||
| ISBN: | 7-04-016198-2 | |
| 000 | 01132nam0 2200325 450 | |
| 000 | 01161nam0 2200325 450 | |
| 000 | 01124nam0 2200313 450 | |
| 000 | 01107nam0 2200313 450 | |
| 000 | 01070nam 2200301 450 | |
| 001 | CAL 012006066203 | |
| 005 | 20061031144906.35 | |
| 010 | @a7-04-016198-2@dCNY28.00 | |
| 099 | @aCAL 012006066203 | |
| 100 | @a20060830e20062005em y0chiy0120 ea | |
| 101 | 0 | @achi@aeng |
| 102 | @aCN@b110000 | |
| 105 | @aa z 000yy | |
| 200 | 1 | @a经贸英语@Ajing mao ying yu@d= Business English for economy & trade@f廖国强主编@g廖国强 … [等]编@zeng |
| 210 | @a北京@c高等教育出版社@d2005.1@h2006.1重印 | |
| 215 | @a256页@c图@d23cm | |
| 225 | 2 | @a行业英语系列教材@Ahang ye ying yu xi lie jiao cai |
| 304 | @a本书编者为: 廖国强、王朝晖、陶岩等 | |
| 330 | @a本书包括了听力、会话、基础知识、综合练习四部分, 着眼于行业新理念、新方法、新术语等。 | |
| 410 | 0 | @12001 @a行业英语系列教材 |
| 510 | 1 | @aBusiness English for economy & trade@zeng |
| 606 | 0 | @a经济@Ajing ji@x英语@j教材 |
| 690 | @aH31@v4 | |
| 701 | 0 | @a廖国强@Aliao guo qiang@4主编 |
| 801 | 0 | @aCN@c20061031 |
| 905 | @a10447@dH31@eL466 | |
| 经贸英语= Business English for economy & trade/廖国强主编/廖国强 … [等]编.-北京:高等教育出版社,2005.1(2006.1重印) |
| 256页:图;23cm.-(行业英语系列教材) |
| ISBN 7-04-016198-2:CNY28.00 |
| 本书包括了听力、会话、基础知识、综合练习四部分, 着眼于行业新理念、新方法、新术语等。 |
| ● |
| 相关链接 |
|
|
|
正题名:经贸英语
索取号:H31/L466
 
预约/预借
| 序号 | 登录号 | 条形码 | 馆藏地/架位号 | 状态 | 备注 |
| 1 | 630615 | 206306157 | 语言库209/209语言库 83排4列6层/ [索取号:H31/L466] | 在馆 | |
| 2 | 630616 | 206306166 | 语言库209/209语言库 83排4列6层/ [索取号:H31/L466] | 在馆 | |
| 3 | 630617 | 206306175 | 语言库209/209语言库 83排4列6层/ [索取号:H31/L466] | 在馆 |